00443nam a22001457a 4500020001800000041001200018082001500030100003600045245004800081260006300129300000800192500003600200505003800236650002300274 a9781871031881 aEnglish a297.2bKAB aKabbani, Shaykh Muhammad Hisham aForgotten Aspects of Islamic Worship:Part 2 aChicagobAs-Sunna Foundation of America Publicationsc1998 a215 aIncludes bibliography and Index aIndex to quranic verses and Hadis aIslamic - Doctrine